000 00687nam a2200229 i 4500
001 115536
003 ES-MaACL
005 20230906190458.0
007 t|
008 070315q1922 sp ||||1| spa d
080 _a621.316.8
100 1 _aCaro y Anchía, Ricardo.
_935412
245 1 0 _aReostatos industriales /
_cpor Ricardo Caro y Anchía.
250 _a2ª ed.
260 _aMadrid :
_bCalpe,
_c[1922?]
300 _a176 p. :
_bil. ;
_c17 cm.
490 1 _aBiblioteca del electricista práctico ;
_v10
650 1 4 _aResistencias eléctricas.
_916863
830 0 _aBiblioteca del electricista práctico ;
_v10
_9186267
852 _aES-MaACL
_jB-3743
999 _c115536
_d115536